[Event "Olomouc Summer op 20th"]
[Site "Olomouc"]
[Date "2017.08.16"]
[Round "6"]
[White "Diez Viera, Oscar"]
[Black "Spice, Alan"]
[Result "1/2-1/2"]
[WhiteElo "1861"]
[BlackElo "2070"]
[PlyCount "120"]
[EventDate "2017.08.12"]
[EventType "swiss"]
[EventRounds "9"]
[EventCountry "CZE"]
[SourceTitle "CBM 180 Extra"]
[Source "ChessBase"]
[SourceDate "2017.10.06"]
[SourceVersion "1"]
[SourceVersionDate "2017.10.06"]
[SourceQuality "1"]

1. g3 e5 2. Bg2 Nf6 3. c4 Bc5 4. e3 0-0 5. Ne2 d5 6. cxd5 Nxd5 7. a3 a5 8. Nbc3 Nxc3 9. Nxc3 Nc6 10. Qc2 Be6 11. b3 Qd7 12. Bb2 Bf5 13. Ne4 Be7 14. d3 Rad8 15. Rd1 Bh3 16. 0-0 Bxg2 17. Kxg2 Qd5 18. Qc4 f5 19. Qxd5+ Rxd5 20. Nc3 Rd7 21. Kf3 Rfd8 22. Ke2 Bf6 23. f3 Be7 24. f4 exf4 25. gxf4 Bc5 26. Rf3 Be7 27. Nb5 g6 28. Rg3 Kf7 29. Rh3 Kg8 30. Rg3 Kf7 31. Rh3 h5 32. Rg3 Bh4 33. Rh3 Be7 34. Rg3 Bh4 35. Rh3 Bf6 36. Bxf6 Kxf6 37. Rg3 Ne7 38. Nc3 Kf7 39. h4 c6 40. Rd2 Nd5 41. Nxd5 Rxd5 42. Rg1 Rc5 43. d4 Rb5 44. Rb1 c5 45. a4 Rb4 46. dxc5 Rxd2+ 47. Kxd2 Ke6 48. Kc3 Kd5 49. Rg1 Re4 50. Kd3 Re6 51. Rc1 Rc6 52. Rc4 Rxc5 53. Rd4+ Kc6 54. Kd2 Rd5 55. Kc3 Kc5 56. Rc4+ Kd6 57. Rd4 Kc6 58. Kd3 Kc5 59. Kc3 Kc6 60. Kd3 Kc5 1/2-1/2

[Event "Olomouc Summer op 20th"]
[Site "Olomouc"]
[Date "2017.08.14"]
[Round "4"]
[White "Kalinowska, Zuzanna"]
[Black "Spice, Alan"]
[Result "1-0"]
[WhiteElo "1896"]
[BlackElo "2070"]
[PlyCount "69"]
[EventDate "2017.08.12"]
[EventType "swiss"]
[EventRounds "9"]
[EventCountry "CZE"]
[SourceTitle "CBM 180 Extra"]
[Source "ChessBase"]
[SourceDate "2017.10.06"]
[SourceVersion "1"]
[SourceVersionDate "2017.10.06"]
[SourceQuality "1"]

1. d4 d5 2. Nf3 Nf6 3. c4 dxc4 4. e3 e6 5. Bxc4 a6 6. 0-0 c5 7. b3 b5 8. Bd3 Nc6 9. a4 bxa4 10. Rxa4 Bb7 11. Bb2 Nb4 12. Bc4 cxd4 13. Bxd4 Be7 14. Qe2 0-0 15. Rd1 Qc7 16. Ne5 Nc6 17. Nf3 Nxd4 18. Nxd4 Rfd8 19. Nd2 Nd5 20. Bxd5 Rxd5 21. Rc4 Qb6 22. Rdc1 Rad8 23. R4c2 Bf6 24. N4f3 R5d7 25. e4 h6 26. e5 Be7 27. h3 Qb4 28. Rc4 Qb5 29. Qe3 Rd3 30. Qf4 Bg5 31. Nxg5 hxg5 32. Qxg5 Rxd2 33. Rg4 g6 34. Qf6 Qd3 35. Rh4 1-0

[Event "Hastings Masters op 92nd"]
[Site "Hastings"]
[Date "2017.01.04"]
[Round "8"]
[White "Raddatz, Michael"]
[Black "Spice, Alan"]
[Result "0-1"]
[WhiteElo "2028"]
[BlackElo "2081"]
[PlyCount "132"]
[EventDate "2016.12.28"]
[EventType "swiss"]
[EventRounds "9"]
[EventCountry "ENG"]
[SourceTitle "CBM 176 Extra"]
[Source "ChessBase"]
[SourceDate "2017.03.02"]
[SourceVersion "1"]
[SourceVersionDate "2017.03.02"]
[SourceQuality "1"]

1. Nf3 d5 2. d4 c6 3. Nbd2 Nf6 4. c3 g6 5. Ne5 Bg7 6. Ndf3 Nbd7 7. Bf4 Nh5 8. Be3 0-0 9. Qd2 Ndf6 10. Bh6 Ne4 11. Qc1 Re8 12. g4 Nhf6 13. Bxg7 Kxg7 14. Qf4 Be6 15. g5 Nh5 16. Qe3 f6 17. Nd3 Qd6 18. 0-0-0 Rad8 19. Nc5 Nxc5 20. dxc5 Qf4 21. Qxf4 Nxf4 22. Nd4 Bc8 23. e3 Nh3 24. Bxh3 Bxh3 25. Rhg1 e5 26. Nf3 h5 27. gxh6+ Kxh6 28. Rg3 Be6 29. Rdg1 Rg8 30. Nh4 g5 31. Nf3 g4 32. Ne1 f5 33. Nd3 d4 34. cxd4 exd4 35. Nf4 Bc8 36. h3 dxe3 37. fxe3 Kg5 38. hxg4 fxg4 39. Kc2 Rh8 40. Kc3 Rh6 41. Nd3 Rh4 42. b4 Kh5 43. Ne5 Rh3 44. Rxh3+ gxh3 45. Rg7 Kh6 46. Rg1 Rf8 47. Nd3 Be6 48. Nf4 Rxf4 49. exf4 Bd5 50. Rg3 Be6 51. Re3 Bg4 52. Re8 Kg7 53. Re7+ Kg6 54. Re8 Kf5 55. Re7 Bh5 56. Re5+ Kg4 57. Rg5+ Kh4 58. Rg1 Bf3 59. Kd4 h2 60. Re1 Kg4 61. Ke5 h1Q 62. Rxh1 Bxh1 63. a4 Bd5 64. b5 Bc4 65. bxc6 bxc6 66. Kd6 Bd5 0-1

[Event "BCF-chT2a 1213 (4NCL)"]
[Site "England"]
[Date "2013.01.13"]
[Round "4.43"]
[White "Spice, Alan"]
[Black "Simons, Martin J"]
[Result "1-0"]
[WhiteElo "2099"]
[BlackElo "2159"]
[PlyCount "101"]
[EventDate "2012.11.03"]
[EventType "team-tourn"]
[EventRounds "7"]
[EventCountry "ENG"]
[SourceTitle "EXT 2014"]
[Source "ChessBase"]
[SourceDate "2013.11.20"]
[SourceVersion "1"]
[SourceVersionDate "2013.11.20"]
[SourceQuality "1"]
[WhiteTeam "Rhyfelwyr Essyllwg"]
[BlackTeam "Wessex"]
[WhiteTeamCountry "ENG"]
[BlackTeamCountry "ENG"]

1. Nc3 d5 2. e4 Nf6 3. exd5 Nxd5 4. Bc4 e6 5. Nf3 Nb6 6. Bb3 Nc6 7. Qe2 Be7 8. 0-0 0-0 9. a3 Nd4 10. Nxd4 Qxd4 11. d3 Qd8 12. Re1 Bd7 13. Ne4 Bc6 14. Bd2 Kh8 15. Rad1 Na4 16. Bc1 Qd7 17. d4 Rad8 18. Rd3 Bd5 19. Rh3 g6 20. Qe3 f6 21. Qh6 Rf7 22. Qxg6 e5 23. Bxd5 Qxd5 24. Nxf6 Bxf6 25. Rxh7+ Rxh7 26. Qxf6+ Rg7 27. g3 Rd6 28. Qxe5 Nb6 29. Bf4 Kh7 30. Qe2 Nd7 31. Bxd6 cxd6 32. Qd3+ Kg8 33. c4 Qf7 34. Qe2 Nf6 35. Qe6 Ng4 36. f4 Kh7 37. Qxf7 Rxf7 38. Re6 Rc7 39. h3 Nh6 40. Rxd6 Nf5 41. Rd5 Nxg3 42. Kf2 Ne4+ 43. Ke3 Nf6 44. Rc5 Rf7 45. Re5 Kh6 46. d5 Nh5 47. d6 Nxf4 48. Re7 Rf6 49. d7 Ng2+ 50. Ke4 Rd6 51. c5 1-0

[Event "BCF-chT2d 1112 (4NCL)"]
[Site "England"]
[Date "2012.05.07"]
[Round "9.33"]
[White "Hackner, Oskar A"]
[Black "Spice, Alan"]
[Result "1-0"]
[WhiteElo "2014"]
[BlackElo "2125"]
[PlyCount "47"]
[EventDate "2011.11.12"]
[EventType "team-swiss"]
[EventRounds "11"]
[EventCountry "ENG"]
[SourceTitle "EXT 2013"]
[Source "ChessBase"]
[SourceDate "2012.11.22"]
[SourceVersion "1"]
[SourceVersionDate "2012.11.22"]
[SourceQuality "1"]
[WhiteTeam "Bradford DCA Knights"]
[BlackTeam "Rhyfelwyr Essyllwg"]
[WhiteTeamCountry "ENG"]
[BlackTeamCountry "ENG"]

1. d4 d5 2. c4 dxc4 3. e4 Nf6 4. e5 Nd5 5. Bxc4 c6 6. Nc3 e6 7. Nf3 Be7 8. 0-0 Nd7 9. Re1 0-0 10. Qd3 b6 11. Qe4 Re8 12. Bd3 Nf8 13. Qg4 Nxc3 14. bxc3 Bb7 15. h4 c5 16. Bh6 g6 17. h5 Qc7 18. Ng5 Rad8 19. Nxh7 Kxh7 20. Bxf8 Bxf8 21. hxg6+ Kg8 22. gxf7+ Kxf7 23. Qg6+ Ke7 24. Qh7+ 1-0

[Event "BCF-chT2b 1112 (4NCL)"]
[Site "England"]
[Date "2012.01.15"]
[Round "4.4"]
[White "Williams, Samuel G"]
[Black "Spice, Alan"]
[Result "1-0"]
[WhiteElo "2234"]
[BlackElo "2125"]
[PlyCount "45"]
[EventDate "2011.11.12"]
[EventType "team-match"]
[EventRounds "7"]
[EventCountry "ENG"]
[SourceTitle "EXT 2013"]
[Source "ChessBase"]
[SourceDate "2012.11.22"]
[SourceVersion "1"]
[SourceVersionDate "2012.11.22"]
[SourceQuality "1"]
[WhiteTeam "Sambuca Sharks"]
[BlackTeam "Rhyfelwyr Essyllwg"]
[WhiteTeamCountry "ENG"]
[BlackTeamCountry "ENG"]

1. d4 d5 2. c4 dxc4 3. Nf3 Nf6 4. e3 e6 5. Bxc4 a6 6. Bb3 c5 7. 0-0 Nc6 8. Nc3 Be7 9. Qe2 cxd4 10. Rd1 0-0 11. exd4 Nb4 12. Bg5 Nbd5 13. Rac1 Re8 14. Ne5 Qd6 15. Qf3 Rd8 16. Rd3 Nb4 17. Ne4 Nxd3 18. Nxd6 Nxc1 19. Ndxf7 Nxb3 20. Bxf6 gxf6 21. Nh6+ Kg7 22. Qg4+ Kxh6 23. Nf7# 1-0

[Event "BCF-chT2 1011 (4NCL)"]
[Site "England"]
[Date "2011.05.01"]
[Round "10.44"]
[White "Simons, Martin J"]
[Black "Spice, Alan"]
[Result "1-0"]
[WhiteElo "2186"]
[BlackElo "2136"]
[PlyCount "103"]
[EventDate "2010.11.06"]
[EventType "team-swiss"]
[EventRounds "11"]
[EventCountry "ENG"]
[SourceTitle "EXT 2012"]
[Source "ChessBase"]
[SourceDate "2011.11.24"]
[SourceVersion "1"]
[SourceVersionDate "2011.11.24"]
[SourceQuality "1"]
[WhiteTeam "Wessex"]
[BlackTeam "Rhyfelwyr Essyllwg"]
[WhiteTeamCountry "ENG"]
[BlackTeamCountry "ENG"]

1. e4 e6 2. d3 b5 3. a4 b4 4. g3 Bb7 5. Bg2 c5 6. Nf3 d6 7. 0-0 Nf6 8. Nbd2 Be7 9. Nc4 Nc6 10. Re1 0-0 11. b3 Qc7 12. Bb2 Nd7 13. d4 e5 14. dxc5 dxc5 15. Ne3 Nd4 16. Nd5 Qd6 17. Nd2 Bd8 18. Nc4 Qe6 19. Bxd4 exd4 20. Qh5 Nb6 21. Bh3 Qg6 22. Qxg6 hxg6 23. Ncxb6 axb6 24. Bf1 Re8 25. Bc4 g5 26. f3 Re5 27. Re2 Rc8 28. Rf1 Rc6 29. Kf2 Rce6 30. Ke1 Bc6 31. g4 g6 32. Kf2 Kg7 33. Rfe1 f5 34. exf5 Rxe2+ 35. Rxe2 Rxe2+ 36. Kxe2 gxf5 37. gxf5 Bb7 38. Kd3 Bc6 39. Ke4 Bc7 40. h3 Bg3 41. Bb5 Bb7 42. Bd7 Bc7 43. Be6 Bd8 44. Ke5 Bc6 45. f6+ Kf8 46. Kf5 b5 47. axb5 Bxb5 48. Kxg5 d3 49. cxd3 Bxd3 50. Nf4 Bc2 51. h4 Bc7 52. Ng6+ 1-0

[Event "BCF-chT2 1011 (4NCL)"]
[Site "England"]
[Date "2010.11.06"]
[Round "1.15"]
[White "Morris, Charles F"]
[Black "Spice, Alan"]
[Result "1-0"]
[WhiteElo "2188"]
[BlackElo "2136"]
[PlyCount "79"]
[EventDate "2010.11.06"]
[EventType "team-swiss"]
[EventRounds "11"]
[EventCountry "ENG"]
[SourceTitle "EXT 2012"]
[Source "ChessBase"]
[SourceDate "2011.11.24"]
[SourceVersion "1"]
[SourceVersionDate "2011.11.24"]
[SourceQuality "1"]
[WhiteTeam "South Wales Dragons"]
[BlackTeam "Rhyfelwyr Essyllwg"]
[WhiteTeamCountry "ENG"]
[BlackTeamCountry "ENG"]

1. c4 e6 2. g3 d5 3. Bg2 Nf6 4. Nf3 Be7 5. 0-0 0-0 6. Qc2 c5 7. d4 b6 8. cxd5 exd5 9. Ne5 Bb7 10. Be3 Qd6 11. Nc3 a6 12. Na4 Rc8 13. Nc4 cxd4 14. Nxd6 Rxc2 15. Nxb7 dxe3 16. Rac1 exf2+ 17. Kxf2 Rxc1 18. Rxc1 Nbd7 19. Rc7 Kf8 20. Bxd5 Nxd5 21. Rxd7 Rb8 22. Na5 Rd8 23. Rxd8+ Bxd8 24. Nc6 Bc7 25. e4 Ne7 26. Nd4 Ke8 27. b4 Kd7 28. Ke3 Nc6 29. Nc2 h5 30. a3 g6 31. Ne1 Ne5 32. Kd4 Ke6 33. Nc3 Ng4 34. Nf3 Bd8 35. Nd5 Kd6 36. h3 Nf2 37. Ne5 Ke6 38. Nc6 Bf6+ 39. e5 Bg7 40. Nd8+ 1-0

[Event "EU-Cup 26th"]
[Site "Plovdiv"]
[Date "2010.10.23"]
[Round "7.4"]
[White "Spice, Alan"]
[Black "Nelson, Jonathan"]
[Result "1/2-1/2"]
[WhiteElo "2143"]
[BlackElo "2237"]
[PlyCount "94"]
[EventDate "2010.10.17"]
[EventType "team-swiss"]
[EventRounds "7"]
[EventCountry "BUL"]
[SourceTitle "CBM 139"]
[Source "ChessBase"]
[SourceDate "2010.11.18"]
[SourceVersion "1"]
[SourceVersionDate "2010.11.18"]
[SourceQuality "1"]
[WhiteTeam "Cardiff"]
[BlackTeam "Betsson.com"]
[WhiteTeamCountry "WLS"]
[BlackTeamCountry "ENG"]

1. Nc3 c5 2. Nf3 Nc6 3. d4 cxd4 4. Nxd4 Nf6 5. e4 e5 6. Ndb5 d6 7. Bg5 a6 8. Na3 b5 9. Bxf6 gxf6 10. Nd5 Bg7 11. g3 Ne7 12. Bg2 Nxd5 13. Qxd5 Be6 14. Qd2 0-0 15. c3 Rb8 16. Nc2 f5 17. exf5 Bxf5 18. Nb4 Rb6 19. Nd5 Rb8 20. a4 bxa4 21. Rxa4 a5 22. 0-0 Bd7 23. Ra3 f5 24. Rfa1 a4 25. Ne3 Rf6 26. Nc4 Qc7 27. Rd1 e4 28. Ne3 Qb7 29. Qd5+ Qxd5 30. Nxd5 Rff8 31. Ra2 Kh8 32. Bf1 Be5 33. Bg2 Be6 34. f4 exf3 35. Bxf3 f4 36. g4 Rg8 37. h3 h5 38. Kf2 hxg4 39. hxg4 Kg7 40. Rd2 Rh8 41. Kg1 Rh3 42. Be4 Rg3+ 43. Rg2 Rxg2+ 44. Kxg2 Bxg4 45. Nb4 Bd1 46. Bc2 Bxc2 47. Nxc2 Kf6 1/2-1/2

[Event "EU-Cup 26th"]
[Site "Plovdiv"]
[Date "2010.10.22"]
[Round "6.4"]
[White "Schartz, Alain"]
[Black "Spice, Alan"]
[Result "1/2-1/2"]
[WhiteElo "2187"]
[BlackElo "2143"]
[PlyCount "54"]
[EventDate "2010.10.17"]
[EventType "team-swiss"]
[EventRounds "7"]
[EventCountry "BUL"]
[SourceTitle "CBM 139"]
[Source "ChessBase"]
[SourceDate "2010.11.18"]
[SourceVersion "1"]
[SourceVersionDate "2010.11.18"]
[SourceQuality "1"]
[WhiteTeam "Dudelange"]
[BlackTeam "Cardiff"]
[WhiteTeamCountry "LUX"]
[BlackTeamCountry "WLS"]

1. c4 e6 2. Nf3 Nf6 3. d4 d5 4. cxd5 exd5 5. Nc3 c6 6. Bg5 Be7 7. Qc2 0-0 8. e3 Nbd7 9. Bd3 Re8 10. 0-0 Nf8 11. a3 Be6 12. b4 Rc8 13. Rfb1 b6 14. Qd2 Ng6 15. a4 Nd7 16. Bxe7 Nxe7 17. Re1 Bf5 18. Be2 Bg6 19. Nh4 Nf6 20. Nxg6 hxg6 21. Bf3 Nf5 22. Ne2 Ne4 23. Bxe4 Rxe4 24. Ng3 Nxg3 25. hxg3 Re7 26. Ra3 Qd6 27. Qb2 Rec7 1/2-1/2

[Event "EU-Cup 26th"]
[Site "Plovdiv"]
[Date "2010.10.21"]
[Round "5.4"]
[White "Spice, Alan"]
[Black "Luciani, Valerio"]
[Result "1-0"]
[WhiteElo "2143"]
[BlackElo "2212"]
[PlyCount "51"]
[EventDate "2010.10.17"]
[EventType "team-swiss"]
[EventRounds "7"]
[EventCountry "BUL"]
[SourceTitle "CBM 139"]
[Source "ChessBase"]
[SourceDate "2010.11.18"]
[SourceVersion "1"]
[SourceVersionDate "2010.11.18"]
[SourceQuality "1"]
[WhiteTeam "Cardiff"]
[BlackTeam "Padova"]
[WhiteTeamCountry "WLS"]
[BlackTeamCountry "ITA"]

1. e4 d6 2. d4 Nf6 3. Nc3 e5 4. Nf3 Nbd7 5. g3 Be7 6. Bg2 0-0 7. 0-0 c6 8. a4 h6 9. h3 Nh7 10. Be3 Ng5 11. Nxg5 Bxg5 12. f4 Bf6 13. Ne2 Qe8 14. Qd3 Bd8 15. c3 Qe7 16. g4 Bc7 17. Ng3 Nf6 18. g5 hxg5 19. fxe5 dxe5 20. Bxg5 exd4 21. cxd4 Be6 22. Bxf6 gxf6 23. Nh5 Rfd8 24. Nxf6+ Kf8 25. Nh7+ Ke8 26. Ng5 1-0

[Event "WLS-ch"]
[Site "Cardiff"]
[Date "2010.04.04"]
[Round "4"]
[White "Young, Alan J"]
[Black "Spice, Alan"]
[Result "0-1"]
[WhiteElo "2016"]
[BlackElo "2169"]
[PlyCount "106"]
[EventDate "2010.04.02"]
[EventType "swiss"]
[EventRounds "7"]
[EventCountry "WLS"]
[SourceTitle "CBM 135 Extra"]
[Source "ChessBase"]
[SourceDate "2010.05.04"]
[SourceVersion "1"]
[SourceVersionDate "2010.05.04"]
[SourceQuality "1"]

1. e4 e6 2. d4 d5 3. Nc3 Nf6 4. Bg5 Bb4 5. e5 h6 6. Be3 Ne4 7. Qg4 Kf8 8. a3 Bxc3+ 9. bxc3 c5 10. Bd3 Qa5 11. Ne2 cxd4 12. Bxd4 Nc6 13. 0-0 Nc5 14. Rfb1 Nxd3 15. cxd3 Kg8 16. Ng3 Kh7 17. Nh5 Rg8 18. Be3 Nxe5 19. Qf4 Nc6 20. Nf6+ Kh8 21. Nxg8 Kxg8 22. Bd4 f6 23. Bxf6 gxf6 24. Qxf6 Qc7 25. Qxh6 Qg7 26. Qh5 Qf7 27. Qg5+ Kh7 28. Re1 Qg6 29. Qh4+ Qh6 30. Qg3 e5 31. Rab1 b6 32. d4 Bf5 33. Rbd1 Rg8 34. Qe3 Qg6 35. g3 e4 36. f3 exf3 37. c4 Be4 38. Qf4 Rg7 39. Kf2 Kg8 40. a4 Rf7 41. Qe3 Qf5 42. g4 Qf6 43. g5 Qh8 44. Kg3 f2 45. Re2 f1Q 46. Rxf1 Rxf1 47. cxd5 Bxd5 48. Qe8+ Rf8 49. Qg6+ Qg7 50. Qxg7+ Kxg7 51. h4 Kg6 52. Rd2 Kh5 53. Rd3 Rf1 0-1

[Event "BCF-chT3 0910 (4NCL)"]
[Site "England"]
[Date "2010.03.27"]
[Round "7.4"]
[White "Spice, Alan"]
[Black "Lewis, Andrew P"]
[Result "1-0"]
[WhiteElo "2169"]
[BlackElo "2050"]
[PlyCount "48"]
[EventDate "2009.10.24"]
[EventType "team-tourn"]
[EventRounds "11"]
[EventCountry "ENG"]
[SourceTitle "EXT 2011"]
[Source "ChessBase"]
[SourceDate "2010.11.26"]
[SourceVersion "1"]
[SourceVersionDate "2010.11.26"]
[SourceQuality "1"]
[WhiteTeam "Rhyfelwyr Essyllwg"]
[BlackTeam "3Cs"]
[WhiteTeamCountry "ENG"]
[BlackTeamCountry "ENG"]

1. Nc3 e6 2. e4 d5 3. d4 Nf6 4. e5 Nfd7 5. f4 c5 6. Nf3 Nc6 7. Be3 a6 8. Qd2 b5 9. dxc5 Bxc5 10. Bxc5 Nxc5 11. Bd3 b4 12. Ne2 Qb6 13. Ned4 Nxd4 14. Nxd4 Bd7 15. Qe3 Rc8 16. 0-0 0-0 17. Rf3 Nxd3 18. cxd3 f6 19. Rff1 a5 20. Rfc1 a4 21. Kf1 fxe5 22. Qxe5 Qb8 23. Rxc8 Rxc8 24. Qxb8 Rxb8 1-0

[Event "WLS-ch"]
[Site "Cardiff"]
[Date "2009.04.12"]
[Round "5"]
[White "Rees, Ioan"]
[Black "Spice, Alan"]
[Result "1-0"]
[WhiteElo "2307"]
[BlackElo "2159"]
[PlyCount "99"]
[EventDate "2009.04.10"]
[EventType "swiss"]
[EventRounds "7"]
[EventCountry "WLS"]
[SourceTitle "CBM 129 Extra"]
[Source "ChessBase"]
[SourceDate "2009.05.05"]
[SourceVersion "2"]
[SourceVersionDate "2009.05.20"]
[SourceQuality "1"]

1. e4 e6 2. d4 d5 3. Nd2 Nc6 4. Ngf3 Nf6 5. e5 Nd7 6. Bd3 Nb4 7. Be2 c5 8. c3 Nc6 9. 0-0 cxd4 10. cxd4 Qb6 11. Nb3 a5 12. a4 Nb4 13. Ne1 Be7 14. Nd3 Nxd3 15. Qxd3 Nb8 16. Qg3 g6 17. Bh6 Rg8 18. Bd2 Nc6 19. Qe3 Bd7 20. Rfc1 f6 21. exf6 Bxf6 22. Bb5 Kf7 23. Nc5 Rad8 24. Bxc6 bxc6 25. Re1 Bc8 26. Bc3 Rde8 27. Qd2 Bd8 28. Nd3 Kg7 29. Re3 Bg5 30. f4 Bd8 31. Rae1 Rgf8 32. g3 Kg8 33. h4 h6 34. Nc5 Rf6 35. R1e2 Ba6 36. Rxe6 Rexe6 37. Rxe6 Rxe6 38. Nxe6 Kf7 39. f5 gxf5 40. Qxh6 Bf6 41. Nc5 Bc8 42. Qh7+ Bg7 43. h5 Qc7 44. Qg6+ Kf8 45. h6 Bh8 46. h7 Bg7 47. Kf2 f4 48. Qe6 fxg3+ 49. Kg2 Qd8 50. Qg8+ 1-0

[Event "Olympiad-38"]
[Site "Dresden"]
[Date "2008.11.20"]
[Round "7"]
[White "Spice, Alan"]
[Black "Gallagher, Joseph G"]
[Result "1/2-1/2"]
[WhiteElo "2173"]
[BlackElo "2480"]
[PlyCount "132"]
[EventDate "2008.11.13"]
[EventType "team-swiss"]
[EventRounds "11"]
[EventCountry "GER"]
[SourceTitle "CBM 128"]
[Source "ChessBase"]
[SourceDate "2009.01.28"]
[SourceVersion "1"]
[SourceVersionDate "2009.01.28"]
[SourceQuality "1"]
[WhiteTeam "Wales"]
[BlackTeam "Switzerland"]
[WhiteTeamCountry "WLS"]
[BlackTeamCountry "SUI"]

1. Nc3 c5 2. Nf3 Nf6 3. e4 d6 4. e5 dxe5 5. Nxe5 a6 6. g3 Nbd7 7. Nf3 b5 8. Bg2 Bb7 9. 0-0 e6 10. b3 Be7 11. Bb2 0-0 12. Qe2 Qc7 13. a4 b4 14. Nd1 Nd5 15. Ne5 a5 16. Re1 N7b6 17. d3 Rae8 18. Ne3 Nxe3 19. Qxe3 Bxg2 20. Kxg2 Bd6 21. Qe4 Bxe5 22. Bxe5 Qd7 23. Re2 f6 24. Bb2 e5 25. Rae1 Qd6 26. Qh4 Qc6+ 27. Kg1 h6 28. Qh5 Kh7 29. Bc1 Nd7 30. f4 Qe6 31. f5 Qf7 32. Qh3 Rh8 33. Re4 Kg8 34. Rg4 Kf8 35. Qg2 h5 36. Rc4 Rc8 37. Qb7 Rb8 38. Qc7 Qd5 39. Be3 Kg8 40. Rxc5 Nxc5 41. Qxb8+ Kh7 42. Qb5 Rc8 43. Qxa5 h4 44. Qxb4 hxg3 45. hxg3 Qf3 46. Qh4+ Kg8 47. Qc4+ Kh7 48. Bf2 e4 49. dxe4 Ne6 50. Qe2 Ng5 51. Qxf3 Nxf3+ 52. Kg2 Nxe1+ 53. Bxe1 Rxc2+ 54. Kf3 Ra2 55. a5 Ra3 56. Kf4 Rxb3 57. g4 Kg8 58. Bf2 Kf7 59. a6 Ra3 60. a7 g5+ 61. fxg6+ Kxg6 62. Be3 Kf7 63. Bd4 Ke6 64. g5 fxg5+ 65. Kxg5 Rxa7 66. Bxa7 Ke5 1/2-1/2

[Event "Guernsey op 34th"]
[Site "Guernsey"]
[Date "2008.10.23"]
[Round "5"]
[White "Van Ingen, Ton"]
[Black "Spice, Alan"]
[Result "1/2-1/2"]
[WhiteElo "2051"]
[BlackElo "2173"]
[PlyCount "127"]
[EventDate "2008.10.19"]
[EventType "swiss"]
[EventRounds "7"]
[EventCountry "GCI"]
[SourceTitle "EXT 2009"]
[Source "ChessBase"]
[SourceDate "2008.11.26"]
[SourceVersion "1"]
[SourceVersionDate "2008.11.26"]
[SourceQuality "1"]

1. d4 d5 2. Nf3 Nf6 3. c4 dxc4 4. Nc3 a6 5. a4 Nc6 6. e3 Na5 7. Ne5 c5 8. Nxc4 cxd4 9. Nxa5 Qxa5 10. exd4 Be6 11. Be3 Nd5 12. Qd2 g6 13. Be2 Bg7 14. 0-0 0-0 15. Nxd5 Qxd2 16. Nxe7+ Kh8 17. Bxd2 Bxd4 18. Bb4 Rfe8 19. Bf3 Bxb2 20. Rab1 a5 21. Bc5 Bf6 22. Rxb7 Rab8 23. Rfb1 Rxb7 24. Rxb7 Kg7 25. g4 Rd8 26. Nc6 Rd3 27. Kg2 Rxf3 28. Kxf3 Bd5+ 29. Kg3 Bxc6 30. Ra7 Be5+ 31. f4 Bc3 32. Bb6 Be1+ 33. Kh3 Bxa4 34. Bd4+ Kf8 35. Bf6 Bc6 36. Rc7 Bb5 37. Rc8+ Be8 38. Bg7+ Ke7 39. Bc3 Bd7 40. Rc7 Bxc3 41. Rxc3 h5 42. Rc5 a4 43. Kg3 Bxg4 44. Kf2 Kd6 45. Ra5 Bd1 46. Ke1 Bb3 47. Kd2 h4 48. Kd3 h3 49. Kd4 Ke6 50. Ke3 Kf6 51. Kf2 Bc2 52. Kf3 Bd1+ 53. Ke3 Kg7 54. Kf2 Kf6 55. Ke3 Ke6 56. Kd2 Bb3 57. Ke3 f6 58. Ke2 g5 59. fxg5 fxg5 60. Rxg5 a3 61. Ra5 a2 62. Kf2 Kd6 63. Kg3 Be6 64. Rxa2 1/2-1/2

[Event "BCF-chT3 0708 (4NCL)"]
[Site "Sunningdale"]
[Date "2008.05.05"]
[Round "11.2"]
[White "Spice, Alan"]
[Black "Ackley, Peter JE"]
[Result "1-0"]
[WhiteElo "2165"]
[BlackElo "2132"]
[PlyCount "107"]
[EventDate "2007.09.15"]
[EventType "team-tourn"]
[EventRounds "11"]
[EventCountry "ENG"]
[SourceTitle "EXT 2023"]
[Source "ChessBase"]
[SourceDate "2022.10.05"]
[SourceVersion "1"]
[SourceVersionDate "2022.10.05"]
[SourceQuality "1"]
[WhiteTeam "SW Dragons II"]
[BlackTeam "Mindsports"]
[WhiteTeamCountry "ENG"]
[BlackTeamCountry "ENG"]

1. Nc3 e6 2. e4 d5 3. d4 Bb4 4. exd5 exd5 5. Bd3 Nc6 6. a3 Bxc3+ 7. bxc3 Nge7 8. Qh5 Be6 9. Nf3 Qd7 10. Ng5 0-0-0 11. Nxe6 Qxe6+ 12. Qe2 Qxe2+ 13. Kxe2 Rde8 14. Re1 Nf5+ 15. Kf1 Rxe1+ 16. Kxe1 Re8+ 17. Kf1 Nd6 18. Rb1 Na5 19. Bf4 Nac4 20. f3 b6 21. a4 Kd7 22. Kf2 c6 23. h4 h6 24. g4 f6 25. Bg6 Re6 26. Bd3 Re8 27. Bg6 Re6 28. Kg3 Ne3 29. Bd3 Nec4 30. g5 hxg5 31. hxg5 fxg5 32. Bxg5 Ne3 33. Rh1 Nef5+ 34. Kf4 Nh6 35. Rg1 Ke8 36. Bxh6 gxh6 37. Rg8+ Kf7 38. Ra8 Re7 39. Rh8 Ke6 40. Rxh6+ Kd7 41. Rh8 Re1 42. Rh7+ Re7 43. Rh1 a5 44. Kg5 Rg7+ 45. Kh6 Rf7 46. Rf1 b5 47. axb5 Nxb5 48. Kg6 Rf8 49. f4 Nxc3 50. f5 Ne4 51. Bxe4 dxe4 52. Kg7 Ra8 53. f6 Ke6 54. c4 1-0